000
00243nam a22001097a 4500
008
180730b xxu||||| |||| 00| 0 eng d
082
_a
813.52
245
_a
Wood and Paper
_c
LHS
300
_a
1
_f
CD
440
_x
9781598216547
942
_2
ddc
_c
MX
999
_c
46683
_d
46683